<?xml version="1.0" encoding="UTF-8"?>
<record
    xmlns:xsi="http://www.w3.org/2001/XMLSchema-instance"
    xsi:schemaLocation="http://www.loc.gov/MARC21/slim http://www.loc.gov/standards/marcxml/schema/MARC21slim.xsd"
    xmlns="http://www.loc.gov/MARC21/slim">

  <leader>01256nam a2200217Ia 4500</leader>
  <controlfield tag="001">IA_These results helped us get an overview of the handling of vegetables in the cold chain in the supermarkets of this area. It was show that these supermarkets do not comply with the standards of relative temperature and humidity needed to adequately handle the storage of vegetables. As a result, the products are affected causing negative attributes such as texture degradation, discoloration, dehydration, darkening of tissues, heterogeneous ripeness, disease susceptibility, bruising, among others.</controlfield>
  <controlfield tag="002">ESTUDIO DEL ULTIMO ESLABON DE LA CADENA DE FRiO PA</controlfield>
  <controlfield tag="008">220117s    xx            000 0 und d</controlfield>
  <datafield tag="010" ind1=" " ind2=" ">
    <subfield code="a">184078</subfield>
  </datafield>
  <datafield tag="530" ind1=" " ind2=" ">
    <subfield code="a">Disponible en PDF</subfield>
  </datafield>
  <datafield tag="650" ind1=" " ind2=" ">
    <subfield code="a">Supermarkets</subfield>
    <subfield code="x">Cold storage</subfield>
    <subfield code="9">156347</subfield>
  </datafield>
  <datafield tag="650" ind1=" " ind2=" ">
    <subfield code="a">Supermercados</subfield>
    <subfield code="x">Almacenamiento en fr&#xED;o  </subfield>
    <subfield code="9">156348</subfield>
  </datafield>
  <datafield tag="650" ind1=" " ind2=" ">
    <subfield code="a">Vegetables</subfield>
    <subfield code="x">Cold  </subfield>
    <subfield code="9">156349</subfield>
  </datafield>
  <datafield tag="650" ind1=" " ind2=" ">
    <subfield code="a">Verduras</subfield>
    <subfield code="x">Fr&#xED;o  </subfield>
    <subfield code="9">156350</subfield>
  </datafield>
  <datafield tag="700" ind1=" " ind2=" ">
    <subfield code="a">Covarrubias Guti&#xE9;rrez, Ignacio, asesor</subfield>
    <subfield code="9">163664</subfield>
  </datafield>
  <datafield tag="700" ind1=" " ind2=" ">
    <subfield code="a">Hern&#xE1;ndez Aguilar, Rosalba, coaut. </subfield>
    <subfield code="9">156351</subfield>
  </datafield>
  <datafield tag="700" ind1=" " ind2=" ">
    <subfield code="a">Maldonado Sim&#xE1;n, Ema de Jes&#xFA;s, dir. </subfield>
    <subfield code="9">155445</subfield>
  </datafield>
  <datafield tag="700" ind1=" " ind2=" ">
    <subfield code="a">Mena Nevar&#xE9;z, Gustavo, asesor </subfield>
    <subfield code="9">163682</subfield>
  </datafield>
  <datafield tag="942" ind1=" " ind2=" ">
    <subfield code="c">TESIS G37 2015</subfield>
  </datafield>
  <datafield tag="999" ind1=" " ind2=" ">
    <subfield code="c">184078</subfield>
    <subfield code="d">184078</subfield>
  </datafield>
</record>
